000 00405nam a2200169Ia 4500
008 210210b1922 xxu||||| |||| 00| 0 eng d
041 _aeng
082 _a954/498
100 _aWILLIAMS (L F R)
245 _aIndia in 1921-22
260 _aCalicutt
_bSuperintendent Government Printing
_c1922
650 _aIndia
650 _ain
650 _a1921-22
690 _aIndian History
906 _a026256
999 _c153312
_d153312